Effect of different organic mulching on sweet pepper under plastic house condition in royal university of agriculture (ឥទ្ធិពលគំរបជីសរីរាង្កផ្សេងៗគ្នាលើការដាំដុះដំណាំម្ទេសហាវៃក្នុងលក្ខខណ្ឌផ្ទះប្លាស្ទិចនៅសាកលវិទ្យាល័យភូមិន្ទកសិកម្ម) (Record no. 1466)

000 -LEADER
fixed length control field 00819nam a22001577a 4500
003 - CONTROL NUMBER IDENTIFIER
control field OSt
005 - DATE AND TIME OF LATEST TRANSACTION
control field 20150929111417.0
008 - FIXED-LENGTH DATA ELEMENTS--GENERAL INFORMATION
fixed length control field 150929b xxu||||| |||| 00| 0 eng d
040 ## - CATALOGING SOURCE
Transcribing agency RUA
082 ## - DEWEY DECIMAL CLASSIFICATION NUMBER
Classification number AGR SOK 2011 B047 Or.1
100 ## - MAIN ENTRY--PERSONAL NAME
9 (RLIN) 1559
Personal name SOK, RATANAK.
245 ## - TITLE STATEMENT
Title Effect of different organic mulching on sweet pepper under plastic house condition in royal university of agriculture (ឥទ្ធិពលគំរបជីសរីរាង្កផ្សេងៗគ្នាលើការដាំដុះដំណាំម្ទេសហាវៃក្នុងលក្ខខណ្ឌផ្ទះប្លាស្ទិចនៅសាកលវិទ្យាល័យភូមិន្ទកសិកម្ម)
260 ## - PUBLICATION, DISTRIBUTION, ETC. (IMPRINT)
Place of publication, distribution, etc. Phnom Penh
Name of publisher, distributor, etc. RUA
Date of publication, distribution, etc. 2011
300 ## - PHYSICAL DESCRIPTION
Extent xii, 60p.
Other physical details ill.
Dimensions 29cm.
942 ## - ADDED ENTRY ELEMENTS (KOHA)
Source of classification or shelving scheme
Koha item type AGR
Holdings
Price effective from Date last seen Permanent Location Not for loan Date acquired Source of classification or shelving scheme Koha item type Lost status Withdrawn status Date last checked out Total Checkouts Shelving location Damaged status Barcode Current Location Full call number
2015-09-292024-12-13Library Block B 2015-09-29 AGR  2024-11-2512B047 RUA000756Library Block BAGR SOK 2011 B047 Or.1
មជ្ឈមណ្ឌលឯការនៃសាកលវិទ្យាល័យភូមិន្ទកសិកម្មចំការដូង

Powered by Koha